| 000 | 01272nam a22002777a 4500 | ||
|---|---|---|---|
| 005 | 2010101908158.0 | ||
| 008 | 101019t xxu||||| |||| 00| 0 hin d | ||
| 010 | _aHIN-95173 | ||
| 020 |
_c650.00 _a9788174877253 |
||
| 035 | _aHN-67519 | ||
| 037 | _bDBAD / PUB | ||
| 040 |
_aDPL _bHN |
||
| 082 | _a730.954 | ||
| 100 |
_923632 _aसंजय स्वर्णकार |
||
| 245 |
_aबुंदेला शासकों की प्रशासनिक व्यवस्था / _bसंजय स्वर्णकार _hदतिया रियासत के संदर्भ में |
||
| 260 |
_aनई दिल्ली _bराधा पब्लिकेशन्स _c2011 |
||
| 270 |
_bनई दिल्ली _a4231/1, अंसारी रोड़ दरियागंज _e110002 _k23247003, 23254306 _mradhapublication@rediffmail.com |
||
| 300 | 1 |
_a323पृ. _c22सेमी (सजिल्द) |
|
| 650 | _9657 | ||
| 650 | _934273 | ||
| 700 | _939143 | ||
| 710 | _934811 | ||
| 710 | _935049 | ||
| 942 |
_2ddc _cHN _mसंजय _h730.954 |
||
| 999 |
_c60850 _d60850 |
||